<?xml version="1.0" encoding="UTF-8"?><?xml-stylesheet type="text/xsl" href="static/style.xsl"?><OAI-PMH xmlns="http://www.openarchives.org/OAI/2.0/" xmlns:xsi="http://www.w3.org/2001/XMLSchema-instance" xsi:schemaLocation="http://www.openarchives.org/OAI/2.0/ http://www.openarchives.org/OAI/2.0/OAI-PMH.xsd"><responseDate>2026-04-27T21:41:17Z</responseDate><request verb="GetRecord" identifier="oai:uvadoc.uva.es:10324/45535" metadataPrefix="marc">https://uvadoc.uva.es/oai/request</request><GetRecord><record><header><identifier>oai:uvadoc.uva.es:10324/45535</identifier><datestamp>2021-06-18T09:10:27Z</datestamp><setSpec>com_10324_38</setSpec><setSpec>col_10324_787</setSpec></header><metadata><record xmlns="http://www.loc.gov/MARC21/slim" xmlns:doc="http://www.lyncode.com/xoai" xmlns:xsi="http://www.w3.org/2001/XMLSchema-instance" xmlns:dcterms="http://purl.org/dc/terms/" xsi:schemaLocation="http://www.loc.gov/MARC21/slim http://www.loc.gov/standards/marcxml/schema/MARC21slim.xsd">
<leader>00925njm 22002777a 4500</leader>
<datafield tag="042" ind1=" " ind2=" ">
<subfield code="a">dc</subfield>
</datafield>
<datafield tag="720" ind1=" " ind2=" ">
<subfield code="a">Alonso Mendoza, Javier</subfield>
<subfield code="e">author</subfield>
</datafield>
<datafield tag="260" ind1=" " ind2=" ">
<subfield code="c">2020</subfield>
</datafield>
<datafield tag="520" ind1=" " ind2=" ">
<subfield code="a">Este trabajo propone una aproximación a las estrategias compositivas utilizadas por Harold Gramatges (1918 –2008) en dos de sus obras pianísticas: Dos danzas cubanas (1948) y Guajira (1956). La perspectiva analítica semiótica permite conectar estructuras con su significado sociomusical en estas piezas, las cuales proponen claras referencias socioculturales de “lo cubano” y son elocuentes de la cultura musical donde fueron concebidas. Se ofrece una interpretación de las elecciones creativas del compositor y de su pensamiento estético e ideológico en relación a su contexto en un momento concreto de su trayectoria cuando se desempeñó como líder de la joven intelectualidad progresista de la Sociedad Cultural Nuestro Tiempo (1951-1960).</subfield>
</datafield>
<datafield tag="024" ind2=" " ind1="8">
<subfield code="a">http://uvadoc.uva.es/handle/10324/45535</subfield>
</datafield>
<datafield tag="245" ind1="0" ind2="0">
<subfield code="a">Estrategias compositivas en Dos Danzas Cubanas (1948) y Guajira (1956) de Harold Gramatges.</subfield>
</datafield>
</record></metadata></record></GetRecord></OAI-PMH>